Pokémon - De A à Z - Statistiques

Statistiques générales
  • Ce quiz a été pris 146 fois
  • Le résultat moyen est 16 sur 26
Statistiques - réponses
# Indices Réponses % Correct
E Il a actuellement 8 évolutions possibles Évoli
93%
C Sorte de manchot qu'on associe au Père Noël Cadoizo
86%
F C'est une bougie Funécire
84%
V Ressemble à une Pokéball Voltorbe
78%
L Souvent associé à l'infirmière Joëlle Leveinard
77%
Q Peintre qui Gribouille Queulorior
76%
P Lapin joueur de foot Pyrobut
74%
R Ses oreilles font penser à des haut-parleurs Ramboum
72%
U Roi des ours à Hisui Ursaking
71%
B Volatile à long bec multicolore Bazoucan
70%
Y Libellule qui a évolué Yanméga
70%
W Pèse près de 400 kg Wailord
69%
J Évolution finale d'un starter Jungko
68%
K Pokémon fossile sur deux pattes qui n'est pas de la 4ème génération Kabutops
68%
D Il possède trois têtes Dodrio
63%
M Possède une forme météore et une forme noyau Météno
60%
G Golem de roche et de sel Gigansel
58%
A Il a une forme alvéolaire Apitrini
56%
S Bloc de glace sur pattes Séracrawl
53%
N Il n'a pas la même couleur selon son sexe Nidoran
52%
H Pokémon fabuleux Hoopa
49%
X Ce n'est pas Xerneas Xatu
49%
Z C'est une Ultra-Chimère Zéroïd
46%
T Évolue en gagnant un niveau au Mont Couronné Tarinor
40%
O Pour naître d'un œuf, son parent doit tenir un Encens Doux Okéoké
26%
I Pokémon de la huitième génération Ixon
25%
Aucun quiz correspondant
Distribution des résultats
% des personnes avec chaque résultat
Percentile par nombre de réponses
Votre historique - résultats
Vous n’avez pas pris ce quiz